Text book on differential calculus. (Record no. 509814)

MARC details
000 -LEADER
fixed length control field 00595nam a2200217Ia 4500
003 - CONTROL NUMBER IDENTIFIER
control field OSt
005 - DATE AND TIME OF LATEST TRANSACTION
control field 20220925185105.0
008 - FIXED-LENGTH DATA ELEMENTS--GENERAL INFORMATION
fixed length control field 220923b |||||||| |||| 00| 0 eng d
037 ## - SOURCE OF ACQUISITION
Terms of availability General Book
040 ## - CATALOGING SOURCE
Original cataloging agency RTL
Transcribing agency RTL
Language of cataloging eng
041 ## - LANGUAGE CODE
Source of code eng
Language code of text/sound track or separate title eng
100 ## - MAIN ENTRY--PERSONAL NAME
Personal name PRASAD Gorakh
9 (RLIN) 232893
245 #0 - TITLE STATEMENT
Title Text book on differential calculus.
260 ## - PUBLICATION, DISTRIBUTION, ETC.
Place of publication, distribution, etc. Allahabad
Name of publisher, distributor, etc. Pothishala private Ltd
Date of publication, distribution, etc. 1959
300 ## - PHYSICAL DESCRIPTION
Extent 300p.
Dimensions cm.
942 ## - ADDED ENTRY ELEMENTS (KOHA)
Classification part B321, J9/SC
Koha item type General Books
Source of classification or shelving scheme Colon Classification (CC)

No items available.

Copyright @ Delhi University Library System